Połączone flagi #1 - Statystyki

Ogólne statystyki
  • Ten quiz został rozwiązany 23 razy
  • Średni wynik to 11 z 24
Statystyki odpowiedzi
Obrazkowy Odpowiedź % Poprawnych
Białoruś Argentyna
85%
Mongolia Kanada
80%
Austria Izrael
70%
Surinam Cypr
70%
Hiszpania Wybrzeże Kości Słoniowej
65%
Andora San Marino
60%
Jamajka Bahrajn
60%
Kuwejt Paragwaj
55%
Botswana Macedonia Północna
50%
Kambodża Arabia Saudyjska
50%
Mjanma Meksyk
50%
Burundi Malawi
45%
Nepal Gambia
40%
Algieria Boliwia
35%
Islandia Gwinea
35%
Komory Niemcy
35%
Litwa Haiti
35%
Polska Dominika
35%
Republika Środkowoafrykańska Tadżykistan
35%
Szwecja Kiribati
35%
Ukraina Honduras
30%
Czechy Tanzania
25%
Saint Kitts i Nevis Szwajcaria
20%
Burkina Faso Tajwan
15%
Nie znaleziono quizów pasujących do podanych kryteriów
Rozkład punktacji
Procent ludzi z każdym wynikiem
Percentyl według liczby udzielonych odpowiedzi
Twoja historia wyników
Nie rozwiązałeś tego quizu